000 nam a22 7a 4500
999 _c28422
_d28422
008 170302b xxu||||| |||| 00| 0 eng d
020 _a0766802558
050 _aRT 63 .A53 1999
100 _aAndersen, Carol A.Fetters
245 _aNursing Student to Nursing Leander :
_bThe critical path to leadership development /
_cCarol A.Fetters Andersen
260 _aDelmar :
_bWilliam Brottmiller ,
_c1999 .
300 _avii,362p. :
_bill. ;
500 _aincludes appendix
942 _2lcc
_cBOOKS
_hRT 63 .A53 1999